América Latina: el nuevo escenario regional y mundial

Saved in:
Bibliografiske detaljer
Corporate Authors: CEPAL (Author), Comisión Económica para América Latina (Author)
Format: Bog
Sprog:spansk
Udgivet: Santiago CEPAL-ILPES 1975
Serier:Cuadernos de la CEPAL
Fag:
Tags: Tilføj Tag
Ingen Tags, Vær først til at tagge denne postø!

MARC

LEADER 00000nam a2200000 a 4500
001 UCR9521
003 CL-VaPUC
008 980613e19750000CL |||||||||||||||||spa|d
082 0 4 |a 338.98  |b CEP  |2 21 
110 2 |a CEPAL  |e author  |9 412127 
710 2 |a Comisión Económica para América Latina  |e author  |9 412128 
245 1 0 |a América Latina: el nuevo escenario regional y mundial 
300 |a 50 p 
942 |c BK 
945 |d 19980613 00:00:00  |a crobeson 
260 |a Santiago  |b CEPAL-ILPES  |c 1975 
650 0 |a Países en desarrollo  |9 259663 
650 0 |a Desarrollo económico y social   |9 256320 
650 0 |a Crecimiento económico   |9 314037 
650 7 |a SUBDESARROLLO  |2 CL-VaPUC  |9 337696 
650 7 |a PAISES EN RECESION  |2 CL-VaPUC  |9 338231 
650 7 |a FACTORES SOCIOECONOMICOS  |2 CL-VaPUC  |9 339981 
650 7 |a COMERCIO INTERNACIONAL  |2 CL-VaPUC  |9 412129 
650 0 |a Balanza de pagos  |9 316476 
583 |a last modification  |c 19980613 00:00:00  |k Rodrigo Vera 
490 0 |a Cuadernos de la CEPAL 
999 |c 270710  |d 270708